书目信息 |
| 题名: |
理财是女人一辈子的事
|
|
| 作者: | 马艳华 著 | |
| 分册: | ||
| 出版信息: | 北京 中国商业出版社 2013.04 |
|
| 页数: | 245页 | |
| 开本: | 24cm | |
| 丛书名: | ||
| 单 册: | ||
| 中图分类: | TS976.15-49 | |
| 科图分类: | ||
| 主题词: | 私人投资--女性读物 | |
| 电子资源: | ||
| ISBN: | 978-7-5044-8016-3 | |
| 000 | 00926nam0 2200277 450 | |
| 001 | 0100140574 | |
| 005 | 20141020221339.0 | |
| 010 | @a978-7-5044-8016-3@dCNY32.00 | |
| 100 | @a20130507d2013 em y0chiy50 ea | |
| 101 | 0 | @achi |
| 101 | 11 | @achi |
| 102 | @aCN@b110000 | |
| 105 | @ay z 000yy | |
| 106 | @ar | |
| 200 | 1 | @a理财是女人一辈子的事@Ali cai shi nu ren yi bei zi de shi@b专著@e你的财富是设计出来的@f马艳华著@Fma yan hua zhu |
| 210 | @a北京@c中国商业出版社@d2013.04 | |
| 215 | @a245页@d24cm | |
| 330 | @a本书是针对女性读者的一本理财实用指南,将理财要点、理财方式、理财特点、理财风险一一呈现。其介绍了许多理财投资中的实用技巧,并且搭配许多理财案例。 | |
| 517 | 1 | @a你的财富是设计出来的 |
| 540 | @a理财是女人一辈子的事 | |
| 606 | 0 | @a私人投资@j女性读物 |
| 690 | @aTS976.15-49@v5 | |
| 701 | 0 | @a马艳华@Ama yan hua@4著 |
| 801 | @aCN | |
| 901 | @a001 | |
| 905 | @b1103500-2@dTS976.15-49@eM213@f3@a241430 | |
| 理财是女人一辈子的事:你的财富是设计出来的/马艳华著.-北京:中国商业出版社,2013.04 |
| 245页;24cm |
| ISBN 978-7-5044-8016-3:CNY32.00 |
| 本书是针对女性读者的一本理财实用指南,将理财要点、理财方式、理财特点、理财风险一一呈现。其介绍了许多理财投资中的实用技巧,并且搭配许多理财案例。 |
| ● |
| 相关链接 |
|
|
|
正题名:理财是女人一辈子的事
索取号:TS976.15-49/M213
 
预约/预借
| 序号 | 登录号 | 条形码 | 馆藏地/架位号 | 状态 | 备注 |
| 1 | 1103500 | 211035002 | 自科库501/501自科库 46排4列3层/ [索取号:TS976.15-49/M213] | 在馆 | |
| 2 | 1103501 | 211035011 | 自科库501/501自科库 46排4列3层/ [索取号:TS976.15-49/M213] | 在馆 | |
| 3 | 1103502 | 211035020 | 自科库501/501自科库 46排4列3层/ [索取号:TS976.15-49/M213] | 在馆 |